|
|
|
|
| LEADER |
00000naa2a2200000 4500 |
| 001 |
628871 |
| 005 |
20240111111159.0 |
| 035 |
|
|
|a (RuTPU)RU\TPU\conf\29198
|
| 035 |
|
|
|a RU\TPU\conf\29194
|
| 090 |
|
|
|a 628871
|
| 100 |
|
|
|a 20181221d2018 k y0rusy50 ba
|
| 101 |
0 |
|
|a eng
|
| 102 |
|
|
|a RU
|
| 105 |
|
|
|a y z 101zy
|
| 135 |
|
|
|a drgn ---uucaa
|
| 181 |
|
0 |
|a i
|
| 182 |
|
0 |
|a b
|
| 200 |
1 |
|
|a 3D printing as a "nature like" method of optimized endoprostheses fabrication
|f S. V. Shilko [et al.]
|
| 203 |
|
|
|a Текст
|c электронный
|
| 300 |
|
|
|a Заглавие с экрана
|
| 320 |
|
|
|a [Библиогр.: с. 55 (2 назв.)]
|
| 463 |
|
0 |
|0 (RuTPU)RU\TPU\conf\29147
|t Междисциплинарные проблемы аддитивных технологий
|o сборник тезисов IV Всероссийского научного семинара с международным участием, 29-31 октября 2018, Томск
|f Национальный исследовательский Томский политехнический университет (ТПУ) ; под ред. А. Г. Князевой
|v [С. 55]
|d 2018
|
| 610 |
1 |
|
|a электронный ресурс
|
| 610 |
1 |
|
|a труды учёных ТПУ
|
| 610 |
1 |
|
|a 3D-печать
|
| 610 |
1 |
|
|a эндопротезы
|
| 610 |
1 |
|
|a аддитивные технологии
|
| 610 |
1 |
|
|a трибомеханические свойства
|
| 610 |
1 |
|
|a имплантанты
|
| 610 |
1 |
|
|a композиты
|
| 610 |
1 |
|
|a СВМПЭ
|
| 701 |
|
1 |
|a Shilko
|b S. V.
|
| 701 |
|
1 |
|a Ryabchenko
|b T. V.
|
| 701 |
|
1 |
|a Panin
|b S. V.
|c specialist in the field of material science
|c Professor of Tomsk Polytechnic University, Doctor of technical sciences
|f 1971-
|g Sergey Viktorovich
|3 (RuTPU)RU\TPU\pers\32910
|9 16758
|
| 701 |
|
1 |
|a Shalobaev
|b E.
|
| 712 |
0 |
2 |
|a Национальный исследовательский Томский политехнический университет
|b Инженерная школа новых производственных технологий
|b Отделение материаловедения
|3 (RuTPU)RU\TPU\col\23508
|
| 801 |
|
2 |
|a RU
|b 63413507
|c 20181222
|g RCR
|
| 856 |
4 |
|
|u http://earchive.tpu.ru/handle/11683/52228
|
| 942 |
|
|
|c BK
|